| 000 | 00693nam a2200169 i 4500 | ||
|---|---|---|---|
| 001 | 158416 | ||
| 003 | ES-MaACL | ||
| 005 | 20230906211136.0 | ||
| 008 | 041027s1873 sp abf |||| | eng d | ||
| 040 |
_aCAM _bspa _cCAM |
||
| 100 | 1 |
_aMac-Pherson, J. ( _d1839-1902) _975045 |
|
| 245 | 1 | 0 |
_aGeological sketch of the province of Cadiz _b: abstract of a similar work written by the author in Spanish / _cby J. Mc.Pherson. |
| 260 |
_aCádiz : _b[s.n.], _c1873 ( _fprinted by Federico Joly, Revista Médica) |
||
| 300 |
_a59 p., [4] h. lám. pleg., [1] h. plan. pleg., [1] h. de map. pleg. ; _c23 cm. |
||
| 650 | 4 |
_aGeología- _zCádiz (Provincia) _9167123 |
|
| 852 |
_aES-MaACL _j1656-F-2 _z-- Rúst. |
||
| 999 |
_c158416 _d158416 |
||